Návrh robustného riadenia pre laboratórny výmenník tepla bakalárska práca

Na minha lista:
Detalhes bibliográficos
Autor principal: Galčíková, Lenka
Formato: Livro
Idioma:eslovaco
Publicado em: Bratislava STU FCHPT 2018
Acesso em linha:View in OPAC
Tags: Adicionar Tag
Sem tags, seja o primeiro a adicionar uma tag!

MARC

LEADER 00000nam a2200000 a 4500
005 20260127134308.0
008 181029 2018 xo a 001 0 slo d
035 |a vtls011788278 
039 9 |y 201810291309  |z mschk03 
040 |a STUSCHK1  |b slo  |c STUSCHK1  |e AACR2 
100 1 |a Galčíková, Lenka 
245 1 |a Návrh robustného riadenia pre laboratórny výmenník tepla  |b bakalárska práca  |c Lenka Galčíková 
260 |a Bratislava  |b STU FCHPT  |c 2018 
300 |a 52 s.  |b il.  |c 25 cm 
500 |a Študijný program: automatizácia, informatizácia a manažment v chémii a potravinárske 
500 |a Študijný odbor: automatizácia, priemyselné inžinierstvo 
500 |a Školiace pracovisko: Ústav informatizácie, automatizácie a matematiky 
500 |a Evid. číslo: FCHPT-113709-82049 
910 |a SCHK95 
999 |c 9042  |d 9042